zpět

Detail výsledku týmu

The Pub Praha 2 ČT, Praha

Datum a čas kvízu

29.5 Celkem bodů Celkový počet nahraných bodů na tomto kvízu bez doplňovacích otázek.
11. Pořadí na kvízu Konečné umístění týmu na tomto kvízu.

Zaznamenané odpovědi

# Otázka Odpověď Body Výsledky
1. Prezident Petr Pavel minulý tý... Zlatý záchranářský kříž 0
2. Malé městečko Robbinsville mez... hinduismus 0
3. Od čtvrtka do neděle probíhala... Signal (Festival) 1
4. Společnost Microsoft v pátek d... Activision Blizzard 1
5. Jak se jmenuje český útočník,... Mojmír Chytil 0
6. Že se pravěk tradičně dělí na... halštatská, laténská 1
7. Lovci mamutů od Eduarda Štorch... Kopčem 1
8. Znáte seriál pro nejmenší na o... O človíčkovi 1
9. Uveďte českou podobu druhového... zručný 1
10. Ve kterém státě najdeme jeskyn... ve Francii 1